Ohio Cities Named After European Cities - Statistics

General Stats
  • This quiz has been taken 44 times
  • The average score is 5 of 10
Answer Stats
Country City Name % Correct
Greece Athens
92%
Ireland Dublin
90%
United Kingdom London
85%
Spain Toledo
74%
Switzerland Geneva
62%
Italy Parma
31%
United Kingdom Oxford
28%
United Kingdom Dover
15%
Italy Ravenna
8%
United Kingdom Bexley
0%
No matching quizzes found
Score Distribution
Percent of People with Each Score
Percentile by Number Answered
Your Score History
You have not taken this quiz